| 000 | 00715nam a2200181Ia 4500 | ||
|---|---|---|---|
| 008 | 090124s9999 xx 000 0 und d | ||
| 082 |
_b28407 _a3200 |
||
| 100 | _aकुंटे प्रभाकर | ||
| 245 | _a भारतीय शास्त्रज्ञ : डॉ. सी. व्ही. रामन | ||
| 250 | _a1 | ||
| 260 | _c1996 | ||
| 300 | _a72 | ||
| 600 | _aकुंटे प्रभाकर | ||
| 630 | _a भारतीय शास्त्रज्ञ : डॉ. सी. व्ही. रामन | ||
| 700 | _aकुंटे प्रभाकर | ||
| 730 | _a भारतीय शास्त्रज्ञ : डॉ. सी. व्ही. रामन | ||
| 942 | _cBOOK | ||
| 999 |
_c141869 _d141869 |
||